000 00628cab a2200205 4500
001 WB2714-20
008 090401t1991 xxu||||| |||| 00| 0 eng d
035 _a(Sirsi) u50907
041 _aeng
245 _aMortgage defaulters pursued
260 _c1991
350 _a0
490 _aTimes
_v30/3/91 p23
520 _aThe Halifax building society is taking legal action against borrowers, who handed in their keys, when the value of the property fell below the outstanding mortgage .
650 _aREPOSSESSIONS
650 _aVOLUNTARY REPOSSESSIONS
690 _aHOUSING-FINANCE
942 _n0
948 _c04/03/1997
999 _c31774
_d31774